Datum a čas kvízu
41.5
Celkem bodů
Celkový počet nahraných bodů na tomto kvízu bez doplňovacích otázek.
1.
Pořadí na kvízu
Konečné umístění týmu na tomto kvízu.
Zaznamenané odpovědi
| # | Otázka | Odpověď | Body | Výsledky |
|---|---|---|---|---|
| 1. | O tom, že Tomáš Tuhý míří do B... | 1 | ||
| 2. | Maďarského premiéra Viktora Or... | 1 | ||
| 3. | Třicetiletá oscarová zpěvačka... | 1 | ||
| 4. | Škoda Auto vyhrála podeváté za... | 0 | ||
| 5. | Počet neproměněných penalt + p... | 1 | ||
| 6. | Čertů se v kultuře, zeměpisnýc... | 1 | ||
| 7. | Napište název pohádky z roku 2... | 1 | ||
| 8. | To čert na koze jel, a táta re... | 1 | ||
| 9. | Jak se jmenuje osada, nacházej... | 1 | ||
| 10. | "U nás ochutnat znamená ___!"... | 1 |